| 000 | 00593nam a2200217 a 4500 | ||
|---|---|---|---|
| 005 | 20140311163042.0 | ||
| 008 | 120627s19uu xx 00 eng d | ||
| 020 | _a9780205778546 | ||
| 050 |
_aRC 454 _b.B983 2011 |
||
| 100 | _aButcher, James N. | ||
| 245 |
_aAbnormal psychology : _bcore concepts. / _cJames N. Butcher. |
||
| 250 | _a2nd | ||
| 260 |
_aBoston : _bPearson, _c2011. |
||
| 300 |
_a494 p. : _bill. col. ; _c26 cm. |
||
| 521 | _aPSYCH | ||
| 650 | _aPsychology, Abnormal | ||
| 700 | _aMineka, Susan | ||
| 700 | _aHooley, Jill M. | ||
| 942 |
_cBK _2lcc _kFOR |
||
| 999 |
_c39758 _d39758 |
||